Aviation claims

Gespeichert in:
Bibliographische Detailangaben
1. Verfasser: Jervis, B.G
Format: Buch
Sprache:Englisch
Veröffentlicht: London Chartered Insurance Institute 1981
Ausgabe:1. ed.
Schlagworte:
Tags: Tag hinzufügen
Keine Tags, Fügen Sie das erste Tag hinzu!

MARC

LEADER 00000nam a2200000 4500
001 c001793
005 20221220103124.2
020 |a 0-907-323-83-9 
041 0 |a eng 
044 |a GB 
245 1 0 |a Aviation claims  |c B.G. Jervis 
250 |a 1. ed. 
264 1 |a London  |b Chartered Insurance Institute  |c 1981 
300 |a Prer. s. 
610 2 0 |a poisťovníctvo 
610 2 0 |a Veľká Británia 
610 2 0 |a poistenie 
610 2 0 |a poistenie dopravné 
610 2 0 |a doprava letecká 
610 2 0 |a náhrada poistná 
100 1 |a Jervis, B.G.